Indiana's 2nd Congressional District Reps by Picture - Statistics

General Stats
  • This quiz has been taken 7 times
    3 since last reset
  • The average score is 2 of 31
Answer Stats
Picture Hint Answer % Correct
2001-2003 Mike Pence
100%
2007-2013 Joe Donnelly
33%
2022-Present Rudy Yakym
33%
1895-1897 Alexander M. Hardy
0%
1876-1877 Andrew Humphreys
0%
1923-1933 Arthur H. Greenwood
0%
1935-1969 Charles A. Halleck
0%
2003-2007 Chris Chocola
0%
1849-1853 Cyrus L. Dunham
0%
1995-2001 David McIntosh
0%
1969-1975 Earl Landgrebe
0%
1975-1983 Floyd Fithian
0%
1933-1935 George R. Dungan
0%
2013-2022 Jackie Walorski
0%
1861-1865 James A. Cravens
0%
1875-1876 James D. Williams
0%
1905-1909 John C. Chaney
0%
1887-1891 John H. O'Neall
0%
1891-1895 John L. Bretz
0%
1835-1837 | 1839-1841 John Wesley Davis
0%
1823-1831 Jonathan Jennings
0%
1865-1873 Michael C. Kerr
0%
1917-1923 Oscar E. Bland
0%
1983-1995 Philip Sharp
0%
1841-1843 Richard W. Thompson
0%
1897-1905 Robert W. Miers
0%
1873-1875 Simeon K. Wolfe
0%
1843-1849 Thomas J. Henley
0%
1877-1887 Thomas R. Cobb
0%
1909-1917 William A. Cullop
0%
1853-1861 William Hayden English
0%
No matching quizzes found
Score Distribution
Percent of People with Each Score
Percentile by Number Answered
Your Score History
You have not taken this quiz since the last reset